[Event "SVR-op 33rd"]
[Site "Mendig"]
[Date "2010.03.28"]
[Round "3"]
[White "Heidmann, Horst"]
[Black "Farsch, Bernd"]
[Result "0-1"]
[WhiteElo "1401"]
[BlackElo "1517"]
[PlyCount "92"]
[EventDate "2010.03.27"]
[EventType "swiss"]
[EventRounds "7"]
[EventCountry "GER"]
[SourceTitle "EXT 2011"]
[Source "ChessBase"]
[SourceDate "2010.11.26"]
[SourceVersion "1"]
[SourceVersionDate "2010.11.26"]
[SourceQuality "1"]

1. e4 e5 2. Nf3 Nc6 3. c3 Nf6 4. Bc4 Bc5 5. b4 Bb6 6. d3 d6 7. Qb3 O-O 8. Bg5
h6 9. Bh4 a5 10. b5 a4 11. Qd1 Na5 12. Nbd2 Nxc4 13. Nxc4 Bc5 14. O-O Bg4 15.
Ne3 Bh5 16. Nd5 g5 17. Bg3 Nxd5 18. exd5 f5 19. h3 e4 20. d4 Bb6 21. Qe2 Qf6
22. Rfe1 Rfe8 23. Qd2 exf3 24. Qd1 Rxe1+ 25. Qxe1 fxg2 26. Kxg2 f4 27. Bh2 Qf7
28. c4 Bxd4 29. Rd1 Bxd1 30. Qxd1 Be5 31. f3 c6 32. bxc6 bxc6 33. dxc6 Qxc4 34.
Bg1 Qxa2+ 35. Kh1 Qc4 36. c7 a3 37. Qb1 Qc6 38. Qg6+ Kf8 39. Qf5+ Kg7 40. Kg2
Qxc7 41. h4 Qf7 42. Qg4 a2 43. hxg5 hxg5 44. Bd4 Bxd4 45. Kh3 Bf6 46. Kg2 a1=Q
0-1

[Event "Let's play chess"]
[Site "http://gameknot.com/chess.pl?"]
[Date "2010.03.26"]
[Round "?"]
[White "Bobscales"]
[Black "Bosico"]
[Result "0-1"]
[WhiteElo "2268"]
[BlackElo "2239"]
[PlyCount "34"]
[EventDate "2010.??.??"]
[SourceTitle "OM Portal C 201906"]
[Source "Opening Master"]
[SourceDate "2019.06.27"]
[SourceVersion "1"]
[SourceVersionDate "2019.06.27"]
[SourceQuality "1"]

1. e4 e5 2. Nf3 Nc6 3. c3 d5 4. Qa4 Bd7 5. exd5 Nd4 6. Qd1 Nxf3+ 7. Qxf3 Bd6 8.
Bc4 f5 9. d3 Nf6 10. Bg5 O-O 11. Nd2 Qe8 12. Bxf6 Rxf6 13. O-O b5 14. Bb3 a5
15. a4 bxa4 16. Bxa4 Bxa4 17. Rxa4 Qxa4 0-1

[Event "FICS rated standard game"]
[Site "FICS freechess.org"]
[Date "2010.03.25"]
[Round "?"]
[White "realcoolhead"]
[Black "GriffySr"]
[Result "1/2-1/2"]
[WhiteElo "2039"]
[BlackElo "2020"]
[PlyCount "218"]
[EventDate "2010.??.??"]
[SourceTitle "OM Portal C 201906"]
[Source "Opening Master"]
[SourceDate "2019.06.27"]
[SourceVersion "1"]
[SourceVersionDate "2019.06.27"]
[SourceQuality "1"]

1. e4 e5 2. Nf3 Nc6 3. c3 Nf6 4. d4 d5 5. exd5 Qxd5 6. Nxe5 Nxe5 7. Qe2 Bd6 8.
f4 Bg4 9. Qe3 O-O 10. fxe5 Rae8 11. c4 Qa5+ 12. Bd2 Qb6 13. c5 Qxb2 14. Bc3 Qc2
15. cxd6 Qd1+ 16. Kf2 cxd6 17. Nd2 Qc2 18. Qd3 Ne4+ 19. Qxe4 Qxc3 20. Qd3 Qxa1
21. Qxh7+ Kxh7 22. Bd3+ Kh6 23. Rxa1 dxe5 24. h3 Bd7 25. d5 Rc8 26. Nc4 e4 27.
Be2 Rc5 28. Rd1 Ba4 29. Rd4 Re8 30. Nd6 e3+ 31. Kf3 Rf8 32. Rxa4 Rxd5 33. Nxb7
Re8 34. Rh4+ Kg5 35. Rg4+ Kf6 36. Rf4+ Kg6 37. Re4 Rb8 38. Re7 Kf6 39. Rc7 Re8
40. Rc5 Rd7 41. Na5 Rd2 42. Nc4 Rxa2 43. Ra5 Rxa5 44. Nxa5 Ke5 45. Kxe3 f5 46.
Kd3 Kf4 47. Nc4 g5 48. Bf3 Rd8+ 49. Ke2 Rd4 50. Ne3 a5 51. Nc2 Rd6 52. Ne1 g4
53. Nd3+ Rxd3 54. hxg4 Re3+ 55. Kd2 fxg4 56. Bxg4 a4 57. Bh5 a3 58. Bf7 Rg3 59.
Kc2 Rxg2+ 60. Kb1 Ke3 61. Ka1 Kd4 62. Kb1 Kd3 63. Ka1 Rf2 64. Bg8 Re2 65. Bf7
Rg2 66. Kb1 Rf2 67. Bg8 Rd2 68. Ka1 Rh2 69. Bf7 Kc3 70. Bg8 Rh1+ 71. Ka2 Kb4
72. Bf7 Rd1 73. Bg8 Rd8 74. Bf7 Rd7 75. Bg8 Rd1 76. Bf7 Rd2+ 77. Ka1 Rh2 78.
Bg8 Rh1+ 79. Ka2 Rh8 80. Bf7 Rh2+ 81. Ka1 Rd2 82. Bg8 Ka4 83. Bf7 Kb5 84. Bg8
Kc5 85. Bf7 Rc2 86. Bg8 Kb4 87. Bf7 Rc1+ 88. Ka2 Rf1 89. Bg8 Rf8 90. Be6 Rf6
91. Bg8 Rf1 92. Be6 Rf8 93. Ka1 Rf3 94. Ka2 Rf2+ 95. Ka1 Ka4 96. Bg8 Rf1+ 97.
Ka2 Rf3 98. Ka1 Re3 99. Bf7 Re1+ 100. Ka2 Re2+ 101. Ka1 Re7 102. Bg8 Kb4 103.
Ka2 Re5 104. Bf7 Ra5 105. Bg8 Ra6 106. Bf7 Kc3 107. Bg8 Ra7 108. Be6 Ra8 109.
Bf7 Ra4 1/2-1/2

[Event "Mecklenburg VP LL2 Ost 0910"]
[Site "Mecklenburg VP"]
[Date "2010.03.21"]
[Round "8.8"]
[White "Kiel, Bernd"]
[Black "Romoth, Lars"]
[Result "1-0"]
[WhiteElo "1882"]
[BlackElo "1851"]
[PlyCount "85"]
[EventDate "2009.10.18"]
[EventType "team-tourn"]
[EventRounds "9"]
[EventCountry "GER"]
[SourceTitle "EXT 2016"]
[Source "ChessBase"]
[SourceDate "2015.10.10"]
[SourceVersion "1"]
[SourceVersionDate "2015.10.10"]
[SourceQuality "1"]
[WhiteTeam "Guestrow/Teterow"]
[BlackTeam "Gryps SV"]
[WhiteTeamCountry "GER"]
[BlackTeamCountry "GER"]

1. e4 e5 2. Nf3 Nc6 3. c3 Nf6 4. d4 exd4 5. e5 Ne4 6. Qe2 Nc5 7. cxd4 Ne6 8. d5
Ned4 9. Nxd4 Nxd4 10. Qe4 Bb4+ 11. Nc3 c5 12. Bd3 g6 13. O-O O-O 14. d6 Bxc3
15. bxc3 Nc6 16. h4 Qa5 17. Bd2 Re8 18. f4 b5 19. h5 Bb7 20. hxg6 hxg6 21. Qe1
c4 22. Be4 Nd8 23. Bxg6 fxg6 24. Qg3 Qb6+ 25. Be3 Qc6 26. Qxg6+ Kf8 27. Rf3 Re6
28. Qh5 Nf7 29. Rg3 Qe4 30. f5 Qxe5 31. Qh4 Rxd6 32. Bd4 Rxd4 33. cxd4 Qh8 34.
Qg4 Re8 35. f6 Re4 36. Qxd7 Qxf6 37. Rd1 Qc6 38. Qf5 a6 39. Rf1 Qe6 40. Qh7 Re1
41. Rg8+ Ke7 42. Qh4+ Kd6 43. Rxe1 1-0

[Event "Regionalliga SW 0910"]
[Site "Bayern"]
[Date "2010.03.21"]
[Round "8.5"]
[White "Linke, Stefan"]
[Black "Hopfauf, Fridolin"]
[Result "1/2-1/2"]
[WhiteElo "2121"]
[BlackElo "2058"]
[PlyCount "40"]
[EventDate "2009.10.18"]
[EventType "team-tourn"]
[EventRounds "9"]
[EventCountry "GER"]
[SourceTitle "EXT 2011"]
[Source "ChessBase"]
[SourceDate "2010.11.26"]
[SourceVersion "1"]
[SourceVersionDate "2010.11.26"]
[SourceQuality "1"]
[WhiteTeam "Muenchen SO"]
[BlackTeam "Sonthofen"]
[WhiteTeamCountry "GER"]
[BlackTeamCountry "GER"]

1. e4 e5 2. Nf3 Nc6 3. c3 d6 4. d4 Be7 5. Bc4 Nf6 6. Nbd2 O-O 7. h3 exd4 8.
cxd4 d5 9. exd5 Nxd5 10. Bb5 Nf4 11. Bxc6 Nd3+ 12. Ke2 Nxc1+ 13. Rxc1 bxc6 14.
Qa4 Bd7 15. Qc2 c5 16. dxc5 Bb5+ 17. Nc4 Bg5 18. Nxg5 Qxg5 19. Kf1 Qxc5 20. Kg1
Bxc4 1/2-1/2

[Event "Oberliga Nord O 0910"]
[Site "Germany"]
[Date "2010.03.21"]
[Round "8.1"]
[White "Waldmann, Hans Joachim"]
[Black "Rolle, Eric"]
[Result "1-0"]
[WhiteElo "2328"]
[BlackElo "2265"]
[PlyCount "157"]
[EventDate "2009.10.18"]
[EventType "team-tourn"]
[EventRounds "9"]
[EventCountry "GER"]
[SourceTitle "EXT 2011"]
[Source "ChessBase"]
[SourceDate "2010.11.26"]
[SourceVersion "1"]
[SourceVersionDate "2010.11.26"]
[SourceQuality "1"]
[WhiteTeam "Weisse Dame"]
[BlackTeam "Eberswalde"]
[WhiteTeamCountry "GER"]
[BlackTeamCountry "GER"]

1. e4 e5 2. Nf3 Nc6 3. c3 d5 4. Qa4 dxe4 5. Nxe5 Qd5 6. Nxc6 bxc6 7. Bc4 Qd6 8.
d3 Be7 9. dxe4 Qg6 10. Be3 Bd7 11. Nd2 Nf6 12. O-O O-O 13. f3 Qh5 14. Rfe1 Bd6
15. Nf1 Rfe8 16. Qc2 Be6 17. Be2 Qg6 18. Bd3 Qh5 19. c4 c5 20. f4 Ng4 21. e5
Bf8 22. Qe2 Qh4 23. Bd2 f5 24. h3 Nh6 25. Nh2 Rab8 26. b3 Nf7 27. Nf3 Qe7 28.
Ba5 g6 29. Kf2 Bh6 30. Qe3 Nd8 31. Rg1 Rf8 32. Rad1 Kh8 33. Bc3 Kg8 34. Bb1 Bd7
35. g3 Bc6 36. Bd3 Ne6 37. Be2 Kh8 38. h4 Rbd8 39. Rxd8 Qxd8 40. Rd1 Qe8 41.
Bd2 Qe7 42. Qc3 a6 43. Qa5 Bb7 44. Be3 Ra8 45. Rd2 Rc8 46. Rd5 Bf8 47. Rd3 Qe8
48. Ne1 Be4 49. Rd1 Qc6 50. Nf3 Be7 51. Qc3 Rf8 52. Qd2 Rd8 53. Qc1 Rf8 54. Rd2
Re8 55. Qd1 Rd8 56. Bd3 Bxf3 57. Qxf3 Qxf3+ 58. Kxf3 h5 59. Kf2 Kg7 60. Ke1 Kf7
61. Bf1 Rxd2 62. Kxd2 Ke8 63. Bg2 Nd8 64. Kc2 Kd7 65. Kb2 c6 66. Kc3 Kc7 67.
Bf1 Bf8 68. Bd3 Kd7 69. Kb2 Kc7 70. Ka3 Kd7 71. Ka4 Nb7 72. a3 Ke6 73. b4 Be7
74. Be2 Kd7 75. b5 axb5+ 76. cxb5 Kc7 77. bxc6 Kxc6 78. Bf3+ Kb6 79. Bxb7 1-0

[Event "SUI-chT"]
[Site "Switzerland"]
[Date "2010.03.21"]
[Round "2.7"]
[White "Hug, Marcel"]
[Black "Vuilleumier, Alexandre"]
[Result "0-1"]
[WhiteElo "2304"]
[BlackElo "2332"]
[PlyCount "164"]
[EventDate "2010.02.14"]
[EventType "team-tourn"]
[EventRounds "9"]
[EventCountry "SUI"]
[SourceTitle "EXT 2011"]
[Source "ChessBase"]
[SourceDate "2010.11.26"]
[SourceVersion "1"]
[SourceVersionDate "2010.11.26"]
[SourceQuality "1"]
[WhiteTeam "Zuerich"]
[BlackTeam "Geneve"]
[WhiteTeamCountry "SUI"]
[BlackTeamCountry "SUI"]

1. e4 e5 2. Nf3 Nc6 3. c3 Nf6 4. d4 Nxe4 5. d5 Ne7 6. Nxe5 Ng6 7. Nxg6 hxg6 8.
Qf3 Nd6 9. Bd3 Qf6 10. Qxf6 gxf6 11. Bf4 Kd8 12. c4 b6 13. Nc3 a5 14. O-O Ba6
15. b3 Nb7 16. Ne4 Nc5 17. Nxc5 bxc5 18. Bd2 Bg7 19. d6 Bb7 20. dxc7+ Kxc7 21.
Rae1 Kd8 22. Bc3 a4 23. b4 cxb4 24. Bxb4 f5 25. Be7+ Kc7 26. c5 Bd5 27. Bd6+
Kc8 28. a3 Bc3 29. Be5 Bxe5 30. Rxe5 Be6 31. Rb1 Kc7 32. Ree1 Rhb8 33. Bc2 Bb3
34. Bd3 Ba2 35. Rb4 Rxb4 36. axb4 a3 37. b5 Bd5 38. Kf1 a2 39. Ra1 Ra4 40. Ke2
Rb4 41. g3 g5 42. Kd2 Rb2+ 43. Ke3 Be6 44. h4 gxh4 45. gxh4 Rb4 46. f4 Rb2 47.
Kd4 f6 48. h5 Rf2 49. Ke3 Rh2 50. b6+ Kb8 51. Be2 Bd5 52. Kd4 Rh1 53. Bf1 Bf7
54. h6 Rh4 55. Bd3 Be6 56. c6 dxc6 57. Kc5 Rxh6 58. Kxc6 Rh3 59. Kd6 Re3 60.
Ba6 Re4 61. Rh1 Bf7 62. Rc1 Re6+ 63. Kc5 Re4 64. Kd6 Bc4 65. Bxc4 Rxc4 66. Ra1
Ra4 67. Ke6 Ra5 68. Kxf6 Kb7 69. Ke6 Kxb6 70. Kf6 Kc6 71. Ke6 Kc7 72. Kf6 Kd6
73. Kg5 Ke6 74. Re1+ Kd6 75. Ra1 Kd5 76. Kxf5 Kd4+ 77. Ke6 Ke4 78. Kd6 Kxf4 79.
Kc6 Ke4 80. Kb6 Ra8 81. Kb5 Kd3 82. Kb4 Kc2 0-1

[Event "FICS rated standard game"]
[Site "FICS freechess.org"]
[Date "2010.03.21"]
[Round "?"]
[White "realcoolhead"]
[Black "GriffySr"]
[Result "1-0"]
[WhiteElo "2007"]
[BlackElo "2085"]
[PlyCount "123"]
[EventDate "2010.??.??"]
[SourceTitle "OM Portal C 201906"]
[Source "Opening Master"]
[SourceDate "2019.06.27"]
[SourceVersion "1"]
[SourceVersionDate "2019.06.27"]
[SourceQuality "1"]

1. e4 e5 2. Nf3 Nc6 3. c3 Nf6 4. d4 Nxe4 5. d5 Bc5 6. dxc6 Bxf2+ 7. Ke2 bxc6 8.
Qa4 f5 9. Bg5 Nxg5 10. Kxf2 Rb8 11. Qa3 e4 12. Nd4 f4 13. Bc4 e3+ 14. Ke2 Ne4
15. Nf3 d5 16. Bd3 Nf2 17. Re1 Nxd3 18. Kxd3 a5 19. Kc2 Qf6 20. Kc1 Qg6 21. g3
Qe4 22. Nbd2 Qd3 23. gxf4 Be6 24. Nf1 e2 25. N1d2 Bf5 26. Nd4 Be4 27. Nxe4 dxe4
28. Rxe2 Rb5 29. Nxc6 Kd7 30. Rd2 Kxc6 31. Rxd3 exd3 32. Kd2 Re8 33. Re1 Rxe1
34. Kxe1 Rh5 35. Qa4+ Kb6 36. Qd4+ Kc6 37. Qf2 Rd5 38. Kd2 g6 39. Qf3 Kc5 40.
Qe3+ Kc6 41. Qe7 Rd7 42. Qe4+ Kb6 43. Qe6+ Rd6 44. Qe7 h6 45. b3 Kc6 46. Qe8+
Kb6 47. a4 Ka7 48. Qb5 Ra6 49. Kxd3 Rd6+ 50. Kc4 Ra6 51. Kc5 h5 52. b4 axb4 53.
cxb4 c6 54. Qxa6+ Kxa6 55. Kxc6 h4 56. b5+ Ka5 57. b6 Kxa4 58. b7 Kb3 59. b8=Q+
Kc3 60. Kd5 Kc2 61. Kd4 h3 62. Qb4 1-0

[Event "Extremadura-chT Honor"]
[Site "Merida"]
[Date "2010.03.20"]
[Round "3"]
[White "Escobar Felix, Eduardo"]
[Black "Corral Alvarez, Lorenzo"]
[Result "1-0"]
[WhiteElo "2139"]
[BlackElo "1961"]
[PlyCount "37"]
[EventDate "2010.03.06"]
[EventType "team"]
[EventRounds "9"]
[EventCountry "ESP"]
[SourceTitle "EXT 2014"]
[Source "ChessBase"]
[SourceDate "2013.11.20"]
[SourceVersion "1"]
[SourceVersionDate "2013.11.20"]
[SourceQuality "1"]

1. e4 e5 2. Nf3 Nc6 3. c3 Be7 4. d4 d6 5. h3 Nf6 6. Nbd2 O-O 7. Bd3 h6 8. Nf1
Nh7 9. Ng3 Ng5 10. Be3 Bf6 11. Nxg5 Bxg5 12. O-O Bf6 13. Bc2 a5 14. Qd2 Kh7 15.
Rad1 b6 16. f4 Ba6 17. Rf3 g5 18. Nh5 Be7 19. fxg5 1-0

[Event "S17B"]
[Site "Internet Chess Club"]
[Date "2010.03.17"]
[Round "8"]
[White "Cryptochess"]
[Black "toligor"]
[Result "0-1"]
[WhiteElo "2272"]
[BlackElo "2633"]
[PlyCount "98"]
[EventDate "2010.??.??"]
[EventType "swiss"]
[EventRounds "12"]
[SourceTitle "OM Portal C 201906"]
[Source "Opening Master"]
[SourceDate "2019.06.27"]
[SourceVersion "1"]
[SourceVersionDate "2019.06.27"]
[SourceQuality "1"]

1. e4 e5 2. Nf3 Nc6 3. c3 d5 4. Qa4 Nf6 5. Nxe5 dxe4 6. Nxc6 bxc6 7. Qxc6+ Bd7
8. Qc4 Bd6 9. d3 O-O 10. dxe4 Nxe4 11. Bd3 Nc5 12. O-O Be6 13. Bxh7+ Kxh7 14.
Qe2 Qh4 15. g3 Qh3 16. Be3 Rfe8 17. Nd2 Bd5 18. Nf3 Kg8 19. Rad1 Bc6 20. Nh4
Re4 21. f3 Re6 22. Qg2 Qxg2+ 23. Nxg2 Rae8 24. Rfe1 Na4 25. Rd2 Bxf3 26. Rd3
Be4 27. Rd2 Bxg2 28. Kxg2 Rxe3 29. Rxe3 Rxe3 30. Kf2 Re6 31. b3 Nxc3 32. Rd3
Ne4+ 33. Kf3 Nc5 34. Rc3 Rf6+ 35. Kg4 Re6 36. Rc4 Ne4 37. Kf5 g6+ 38. Kg4 f5+
39. Kf3 Nd2+ 40. Kf2 Nxc4 41. bxc4 Re4 42. c5 Bxc5+ 43. Kf3 g5 44. Kg2 g4 45.
Kh1 Re2 46. h3 gxh3 47. g4 fxg4 48. a4 g3 49. a5 Re1# 0-1

[Event "Kemerovo-ch"]
[Site "Kemerovo"]
[Date "2010.03.17"]
[Round "4"]
[White "Vasiliev, Sergey"]
[Black "Ganichev, Boris"]
[Result "0-1"]
[WhiteElo "1785"]
[BlackElo "2070"]
[PlyCount "160"]
[EventDate "2010.03.15"]
[EventType "swiss"]
[EventRounds "9"]
[EventCountry "RUS"]
[SourceTitle "CBM 135 Extra"]
[Source "ChessBase"]
[SourceDate "2010.05.04"]
[SourceVersion "1"]
[SourceVersionDate "2010.05.04"]
[SourceQuality "1"]

1. e4 e5 2. Nf3 Nc6 3. c3 d6 4. d4 Bg4 5. d5 Nce7 6. h3 Bd7 7. c4 f5 8. exf5
Nxf5 9. Nc3 Nf6 10. g4 Ne7 11. Bg5 h6 12. Be3 c5 13. Qc2 Qa5 14. Nd2 g5 15. Nb3
Qb6 16. Bd3 O-O-O 17. Bd2 Kb8 18. Ne4 Nxe4 19. Ba5 Qa6 20. Bxd8 Nf6 21. Ba5 Ba4
22. Bc3 Bg7 23. Rb1 Rf8 24. Qe2 Nd7 25. Nd2 Nf6 26. Ne4 Nxe4 27. Bxe4 Bd7 28.
a3 b6 29. Ra1 Qc8 30. b4 Qe8 31. bxc5 dxc5 32. a4 Nc8 33. a5 b5 34. cxb5 Bxb5
35. Rb1 a6 36. Qe3 Nd6 37. Bd3 Qc8 38. Bxb5 axb5 39. O-O b4 40. Bxb4 cxb4 41.
Qb6+ Nb7 42. a6 Rf6 43. Qxb7+ Qxb7 44. axb7 Rb6 45. Rb3 Kxb7 46. Rfb1 Bf8 47.
Kf1 Bc5 48. Ke2 Kc7 49. Kd3 Rf6 50. Kc4 Kd6 51. Kb5 Kxd5 52. Rd1+ Bd4 53. f3
Rb6+ 54. Ka5 Kc4 55. Rbb1 Rb8 56. Rbc1+ Bc3 57. Rd6 b3+ 58. Ka6 Rc8 59. Kb7 Rc5
60. Rxh6 b2 61. Rb1 Kb3 62. Rg6 Kc2 63. Rxb2+ Bxb2 64. Rxg5 Rc3 65. Rf5 Kd3 66.
g5 Rc1 67. Rf7 Rh1 68. Rh7 Ke3 69. h4 Kxf3 70. h5 e4 71. h6 Bc1 72. Rf7+ Kg4
73. Re7 e3 74. Re5 Kh5 75. Kc6 Kg6 76. Kc5 Rh5 77. Kc4 Rxg5 78. Rxg5+ Kxg5 79.
h7 Bb2 80. Kd3 Kf4 0-1

[Event "S16B"]
[Site "Internet Chess Club"]
[Date "2010.03.16"]
[Round "5"]
[White "Cubitas"]
[Black "JULIANESTRADA"]
[Result "1-0"]
[WhiteElo "2475"]
[BlackElo "2254"]
[PlyCount "65"]
[EventDate "2010.??.??"]
[EventType "swiss"]
[EventRounds "12"]
[SourceTitle "OM Portal C 201906"]
[Source "Opening Master"]
[SourceDate "2019.06.27"]
[SourceVersion "1"]
[SourceVersionDate "2019.06.27"]
[SourceQuality "1"]

1. e4 e5 2. Nf3 Nc6 3. c3 Nf6 4. d4 Nxe4 5. d5 Ne7 6. Nxe5 d6 7. Nf3 Ng6 8. Bd3
Nf6 9. O-O Be7 10. h3 O-O 11. Re1 Re8 12. c4 Nd7 13. Nc3 Nde5 14. Bf1 Nxf3+ 15.
Qxf3 Bf6 16. Rxe8+ Qxe8 17. Bd2 Bd7 18. Re1 Qf8 19. b3 a6 20. g3 Re8 21. Ne4
Be5 22. Qd3 f5 23. Ng5 f4 24. Bg2 fxg3 25. fxg3 Qe7 26. Be4 Qf6 27. Rf1 Qe7 28.
Bxg6 hxg6 29. Qxg6 Bd4+ 30. Kh1 Qe4+ 31. Nxe4 Bxh3 32. Qxe8+ Kh7 33. Ng5+ 1-0

[Event "SVK-chT3A2 0910"]
[Site "Slovakia"]
[Date "2010.03.14"]
[Round "10.6"]
[White "Markuliak, Mario"]
[Black "Vach, Jozef"]
[Result "0-1"]
[WhiteElo "1909"]
[BlackElo "1902"]
[PlyCount "72"]
[EventDate "2009.10.18"]
[EventType "team"]
[EventRounds "11"]
[EventCountry "SVK"]
[SourceTitle "EXT 2011"]
[Source "ChessBase"]
[SourceDate "2010.11.26"]
[SourceVersion "1"]
[SourceVersionDate "2010.11.26"]
[SourceQuality "1"]

1. e4 e5 2. Nf3 Nc6 3. c3 d6 4. d4 Bg4 5. d5 Nb8 6. Qb3 Qc8 7. Bb5+ Nd7 8. Be3
Ngf6 9. Nbd2 a6 10. Be2 Be7 11. c4 b6 12. Qc2 a5 13. h3 Bh5 14. Nh4 Bxe2 15.
Kxe2 Nxd5 16. exd5 Bxh4 17. Qe4 Bf6 18. Nf3 O-O 19. g4 Nc5 20. Bxc5 bxc5 21. g5
Be7 22. h4 f5 23. gxf6 Bxf6 24. Rag1 Qd7 25. h5 Qf7 26. Nh4 Bxh4 27. Qxh4 Qf3+
28. Ke1 Qf4 29. Qxf4 Rxf4 30. b3 a4 31. Ke2 axb3 32. axb3 Ra2+ 33. Ke3 Rfxf2
34. Rg3 Rae2+ 35. Kd3 e4+ 36. Kc3 Rc2# 0-1

[Event "S14B"]
[Site "Internet Chess Club"]
[Date "2010.03.14"]
[Round "9"]
[White "Cryptochess"]
[Black "Magagna"]
[Result "1-0"]
[WhiteElo "2300"]
[BlackElo "2019"]
[PlyCount "83"]
[EventDate "2010.??.??"]
[EventType "swiss"]
[EventRounds "12"]
[SourceTitle "OM Portal C 201906"]
[Source "Opening Master"]
[SourceDate "2019.06.27"]
[SourceVersion "1"]
[SourceVersionDate "2019.06.27"]
[SourceQuality "1"]

1. e4 e5 2. Nf3 Nc6 3. c3 Nf6 4. d4 exd4 5. e5 Nd5 6. cxd4 d6 7. Bc4 Nb6 8. Bb3
dxe5 9. d5 Ne7 10. Nc3 Bg4 11. O-O a6 12. h3 Bxf3 13. Qxf3 Qd6 14. Ne4 Qg6 15.
d6 Ned5 16. dxc7 Nf6 17. Nxf6+ Qxf6 18. Qxb7 Rc8 19. Be3 Bd6 20. Ba4+ Ke7 21.
Bxb6 e4 22. Qxe4+ Qe5 23. Qxe5+ Bxe5 24. Rae1 Kf6 25. Bd7 Bxc7 26. Bxc8 Rxc8
27. Bxc7 Rxc7 28. Rd1 g6 29. Rd6+ Kg7 30. Rxa6 Rb7 31. a4 Rxb2 32. a5 Ra2 33.
Ra8 h5 34. a6 Kh6 35. a7 Kg5 36. Rb1 f5 37. Kh2 Rxf2 38. Rf8 f4 39. a8=Q Kh4
40. Qd8+ g5 41. Rxf4+ Rxf4 42. g3# 1-0

[Event "SWE-chT 0910"]
[Site "Sweden"]
[Date "2010.03.13"]
[Round "10"]
[White "Soderberg, Per"]
[Black "Wieweg, Johnny"]
[Result "1/2-1/2"]
[WhiteElo "2224"]
[BlackElo "2248"]
[PlyCount "26"]
[EventDate "2009.10.16"]
[EventType "team"]
[EventRounds "11"]
[EventCountry "SWE"]
[SourceTitle "EXT 2011"]
[Source "ChessBase"]
[SourceDate "2010.11.26"]
[SourceVersion "1"]
[SourceVersionDate "2010.11.26"]
[SourceQuality "1"]
[WhiteTeam "Wasa"]
[BlackTeam "Farsta"]
[WhiteTeamCountry "SWE"]
[BlackTeamCountry "SWE"]

1. e4 e5 2. Nf3 Nc6 3. c3 f5 4. d4 fxe4 5. Nxe5 Nf6 6. Bg5 d6 7. Bxf6 Qxf6 8.
Ng4 Bxg4 9. Qxg4 d5 10. Bb5 Bd6 11. Qh5+ Qf7 12. Qxf7+ Kxf7 13. Nd2 Ne7 1/2-1/2

[Event "S13A"]
[Site "Internet Chess Club"]
[Date "2010.03.13"]
[Round "4"]
[White "Jamomo"]
[Black "Darkwizard1"]
[Result "0-1"]
[WhiteElo "2098"]
[BlackElo "2192"]
[PlyCount "80"]
[EventDate "2010.??.??"]
[EventType "swiss"]
[EventRounds "12"]
[SourceTitle "OM Portal C 201906"]
[Source "Opening Master"]
[SourceDate "2019.06.27"]
[SourceVersion "1"]
[SourceVersionDate "2019.06.27"]
[SourceQuality "1"]

1. e4 e5 2. Nf3 Nc6 3. c3 Nf6 4. d4 exd4 5. e5 Ne4 6. Qe2 Nc5 7. cxd4 Ne6 8. d5
Ncd4 9. Nxd4 Nxd4 10. Qe4 Bb4+ 11. Bd2 Bxd2+ 12. Nxd2 c5 13. Bd3 g6 14. O-O O-O
15. Nc4 b5 16. Nd6 a6 17. Rac1 Qb6 18. h4 Bb7 19. Nxb7 Qxb7 20. Rxc5 Nf5 21.
Rfc1 d6 22. Rc7 Qb6 23. Qg4 Ne3 24. Qg5 Nxd5 25. Rd7 Rad8 26. Rxd8 Rxd8 27. h5
dxe5 28. h6 Qf6 29. Qg3 Nf4 30. Bf1 Qe6 31. Re1 f6 32. a4 Kf8 33. axb5 axb5 34.
Qa3+ Qe7 35. Qa6 Qd6 36. Bxb5 Qxa6 37. Bxa6 Rb8 38. Rb1 Nd5 39. Bc4 Nc3 40. b3
Nxb1 0-1

[Event "corr freechess"]
[Site "freechess.de"]
[Date "2010.03.13"]
[Round "?"]
[White "Kevekordes, Peter"]
[Black "Schulz(Bendorf), Klaus Juergen"]
[Result "1/2-1/2"]
[WhiteElo "2199"]
[BlackElo "2351"]
[PlyCount "46"]
[EventDate "2010.??.??"]
[EventType "tourn (corr)"]
[SourceTitle "OM Corr 202003"]
[Source "Opening Master"]
[SourceDate "2019.05.30"]
[SourceVersion "2"]
[SourceVersionDate "2019.05.30"]
[SourceQuality "1"]

1. e4 e5 2. Nf3 Nc6 3. c3 Nf6 4. d4 exd4 5. e5 Nd5 6. cxd4 Bb4+ 7. Bd2 Bxd2+ 8.
Qxd2 O-O 9. Nc3 Nxc3 10. Qxc3 d6 11. Be2 Be6 12. O-O Bd5 13. Rfe1 Ne7 14. Rac1
c6 15. Qa3 Ng6 16. exd6 Qf6 17. Ne5 Rfd8 18. Bc4 Qxd6 19. Bxd5 Qxd5 20. Nxg6
hxg6 21. Re7 Rd7 22. Rce1 Rxe7 23. Rxe7 b6 1/2-1/2

[Event "EU-ch 11th"]
[Site "Rijeka"]
[Date "2010.03.08"]
[Round "3"]
[White "Savchenko, Boris"]
[Black "Delorme, Axel"]
[Result "1-0"]
[WhiteElo "2652"]
[BlackElo "2429"]
[PlyCount "67"]
[EventDate "2010.03.06"]
[EventType "swiss"]
[EventRounds "11"]
[EventCountry "CRO"]
[SourceTitle "CBM 136"]
[Source "ChessBase"]
[SourceDate "2010.05.18"]
[SourceVersion "1"]
[SourceVersionDate "2010.05.18"]
[SourceQuality "1"]

1. e4 e5 2. Nf3 Nc6 3. c3 d5 4. Qa4 f6 5. d3 Be6 6. Be2 Bd6 7. b4 Nge7 8. Nbd2
O-O 9. b5 Nb8 10. d4 Nd7 11. c4 c6 12. bxc6 bxc6 13. O-O Bf7 14. Bb2 exd4 15.
cxd5 cxd5 16. Bxd4 Nc5 17. Bxc5 Bxc5 18. e5 Ng6 19. Rac1 Bb6 20. exf6 Qxf6 21.
Rc6 Be8 22. Rxf6 Bxa4 23. Rxf8+ Rxf8 24. g3 Rc8 25. Bd3 Re8 26. Rc1 Ne5 27.
Nxe5 Rxe5 28. Kf1 g6 29. Nb3 Bxb3 30. axb3 Re7 31. Be2 Rc7 32. Rd1 Rc3 33. Rxd5
Rxb3 34. f4 1-0

[Event "EU-ch 11th"]
[Site "Rijeka"]
[Date "2010.03.08"]
[Round "3"]
[White "Savchenko, Boris"]
[Black "Delorme, Axel"]
[Result "1-0"]
[WhiteElo "2652"]
[BlackElo "2429"]
[PlyCount "24"]
[EventDate "2010.03.06"]
[EventType "swiss"]
[EventRounds "11"]
[EventCountry "CRO"]
[SourceTitle "OM OTB B 201907"]
[Source "Opening Master"]
[SourceDate "2019.07.06"]
[SourceVersion "2"]
[SourceVersionDate "2019.07.06"]
[SourceQuality "1"]

1. e4 e5 2. Nf3 Nc6 3. c3 d5 4. Qa4 f6 5. d3 Be6 6. Be2 Bd6 7. b4 Nge7 8. Nbd2
O-O 9. b5 Nb8 10. d4 exd4 11. Nxd4 Bf7 12. O-O Nd7 1-0

[Event "FICS rated standard game"]
[Site "FICS freechess.org"]
[Date "2010.03.08"]
[Round "?"]
[White "realcoolhead"]
[Black "GriffySr"]
[Result "0-1"]
[WhiteElo "2038"]
[BlackElo "2049"]
[PlyCount "66"]
[EventDate "2010.??.??"]
[SourceTitle "OM Portal C 201906"]
[Source "Opening Master"]
[SourceDate "2019.06.27"]
[SourceVersion "1"]
[SourceVersionDate "2019.06.27"]
[SourceQuality "1"]

1. e4 e5 2. Nf3 Nc6 3. c3 Nf6 4. d4 Nxe4 5. d5 Bc5 6. dxc6 Bxf2+ 7. Ke2 bxc6 8.
Qa4 f5 9. Nbd2 O-O 10. Nxe4 fxe4 11. Qxe4 d5 12. Qxe5 Rf5 13. Qxf5 Bxf5 14.
Kxf2 Qd6 15. Be2 Re8 16. Re1 Kf7 17. Bg5 Bg4 18. Kg1 Qg6 19. Bf4 Rxe2 20. Rxe2
Bxf3 21. Rf2 Be4 22. Bxc7+ Ke6 23. Raf1 c5 24. Bg3 a5 25. Rf8 Qg5 26. R1f4 Qh5
27. h3 Qg6 28. Rg4 Qh6 29. Bf4 Qh5 30. Rxg7 Qd1+ 31. Kh2 Qa4 32. Rb8 Bg6 33. a3
Qxf4+ 0-1